Physics of nanostructures: proceedings of the Thirty-Eighth Scottish Universities Summer School in Physics

Збережено в:
Бібліографічні деталі
Автори: Davies, John H (Автор), Long, Andrew R (Автор)
Формат: Книга
Мова:Англійська
Опубліковано: Edimburgo Scottish Universities Summer School in Physics 1992
Edimburgo Institutte of Physics Publishing 1992
Редагування:1a. ed
Серія:SUSSP Proceedings, 38
Предмети:
Теги: Додати тег
Немає тегів, Будьте першим, хто поставить тег для цього запису!

MARC

LEADER 00000nam a2200000 a 4500
001 UCH7842
003 CL-VaPUC
005 20241024152235.0
008 091126e19920000uk 1 eng d
020 |a 0750301694 
044 |a uk  |2 marc 
044 |a uk  |2 marc 
082 0 4 |a 530.411  |b DAV  |2 21 
100 1 |a Davies, John H  |e author  |9 621488 
700 1 |a Long, Andrew R  |e author  |9 621489 
245 1 0 |a Physics of nanostructures: proceedings of the Thirty-Eighth Scottish Universities Summer School in Physics 
250 |a 1a. ed 
260 |a Edimburgo  |b Scottish Universities Summer School in Physics  |c 1992 
260 |a Edimburgo  |b Institutte of Physics Publishing  |c 1992 
300 |a 337 p 
490 0 |a SUSSP Proceedings, 38 
583 |a last modification  |c 20171212 06:35:31  |k Rodrigo Vera 
650 0 7 |a NANOESTRUCTURAS  |2 CL-VaPUC  |9 487173 
650 0 0 |a Física del estado solido  |9 315365 
650 0 7 |a ELECTRONES  |2 CL-VaPUC  |9 322158 
650 0 0 |a Teoría cuántica  |9 266148 
942 |c BK 
945 |a cmena  |d 20091126 00:00:00 
546 |a En Inglés 
536 |a Scottish Universities Summer School in Physics, 38, St. Andrews, julio-agosto 1991 
518 |p University of St. Andrews 
999 |c 384480  |d 384478 
952 |0 0  |1 0  |4 0  |6 530_411000000000000_DAV_1992  |7 0  |8 A  |9 507244  |a BIBCUR  |b BIBCUR  |d 2020-01-23  |i 4622197  |o 530.411 DAV 1992  |p 4622197  |r 2025-04-22  |w 2020-01-23  |y BK  |k DCF